Tuberculosis en la Marina de Guerra (Record no. 45147)

MARC details
000 -LEADER
campo de control de longitud fija 00743nam a2200193 i 4500
001 - NÚMERO DE CONTROL
campo de control 45147
003 - IDENTIFICADOR DE NÚMERO DE CONTROL
campo de control ES-MaACL
005 - FECHA Y HORA DE LA ÚLTIMA TRANSACCIÓN
campo de control 20250730025311.0
007 - CAMPO FIJO DE DESCRIPCIÓN FÍSICA--INFORMACIÓN GENERAL
campo de control de longitud fija t|
008 - DATOS DE LONGITUD FIJA--INFORMACIÓN GENERAL
campo de control de longitud fija 030325s1914 sp ||||1| spa d
100 1# - ENTRADA PRINCIPAL--NOMBRE DE PERSONA
Nombre de persona Clavijo y Clavijo, Salvador.
9 (RLIN) 39142
245 10 - MENCIÓN DEL TÍTULO
Título Tuberculosis en la Marina de Guerra
Resto del título : (nuevas orientaciones y reformas) : (albumino-reacción en el diagnóstico precoz) /
Mención de responsabilidad, etc. por el Doctor Salvador Clavijo y Clavijo.
260 ## - PUBLICACIÓN, DISTRIBUCIÓN, ETC.
Lugar de publicación, distribución, etc. Madrid :
Nombre del editor, distribuidor, etc. [s.n.],
Fecha de publicación, distribución, etc. 1914 (
Fabricante Imp. del Ministerio de Marina)
300 ## - DESCRIPCIÓN FÍSICA
Extensión 180 p. ;
Dimensiones 24 cm.
650 07 - PUNTO DE ACCESO ADICIONAL DE MATERIA--TÉRMINO DE MATERIA
Término de materia o nombre geográfico como elemento de entrada Tuberculosis
Fuente del encabezamiento o término embne
9 (RLIN) 17658
710 1# - ENTRADA AGREGADA--NOMBRE DE ENTIDAD CORPORATIVA
Nombre de entidad corporativa o nombre de jurisdicción como elemento de entrada España.
Unidad subordinada Ministerio de Marina.
9 (RLIN) 3909
852 ## - LOCALIZACIÓN
Ubicación ES-MaACL
Número de control de estantería T-1437-F-7
Nota libre - Dedicatoria autógrafa del autor
Holdings
Estatus retirado Estado de pérdida Fuente del sistema de clasificación o colocación Estado de daño No para préstamo Colección Biblioteca de origen Biblioteca actual Ubicación en estantería Fecha de adquisición Total de préstamos Signatura topográfica completa Código de barras Visto por última vez Precio de reemplazo Tipo de ítem Koha Nota pública
    Clasificación decimal universal     Colección de folletos Biblioteca del Ateneo de Madrid Biblioteca del Ateneo de Madrid Depósito folletos 17/01/2008   T-1437-F-7 1047512 23/02/2023 23/02/2023 Folleto Dedicatoria autógrafa del autor